Rent Smart Wales (Record no. 84782)

MARC details
000 -LEADER
fixed length control field 00596cab a22002055a 4500
001 - CONTROL NUMBER
control field L159031
008 - FIXED-LENGTH DATA ELEMENTS--GENERAL INFORMATION
fixed length control field 151210e2015 xxk 000 0 eng d
035 ## - SYSTEM CONTROL NUMBER
System control number (Sirsi) u159031
041 0# - LANGUAGE CODE
Language code of text/sound track or separate title eng
100 1# - MAIN ENTRY--PERSONAL NAME
Personal name Collins, Christine
245 00 - TITLE STATEMENT
Title Rent Smart Wales
260 ## - PUBLICATION, DISTRIBUTION, ETC.
Date of publication, distribution, etc. 2015
490 ## - SERIES STATEMENT
Series statement Letting Update Journal
Volume/sequential designation 23(3) October 2015, 17-19(3)
520 ## - SUMMARY, ETC.
Summary, etc. Looks at Rent Smart Wales the new registration and licensing scheme for landlords and agents in Wales .
590 ## - LOCAL NOTE (RLIN)
Local note KA
650 24 - SUBJECT ADDED ENTRY--TOPICAL TERM
Topical term or geographic name entry element LICENSING
651 #4 - SUBJECT ADDED ENTRY--GEOGRAPHIC NAME
Geographic name RENT SMART WALES
690 ## - LOCAL SUBJECT ADDED ENTRY--TOPICAL TERM (OCLC, RLIN)
Topical term or geographic name as entry element Landlord and tenant
9 (RLIN) 6252
942 ## - ADDED ENTRY ELEMENTS (KOHA)
Suppress in OPAC 0
Holdings
Withdrawn status Lost status Source of classification or shelving scheme Damaged status Not for loan Home library Current library Shelving location Date acquired Total Checkouts Full call number Barcode Date last seen Copy number Price effective from Koha item type
    Dewey Decimal Classification     London London Journals 10/12/2015   L159031 159031-1001 06/08/2019 1 06/08/2019 Journal article